[Event "FRA-ch U16"]
[Site "Calvi"]
[Date "2005.04.18"]
[Round "2"]
[White "Pinault, Ronan"]
[Black "Monsieux, Cyril"]
[Result "0-1"]
[WhiteElo "1940"]
[BlackElo "2213"]
[PlyCount "102"]
[EventDate "2005.04.??"]
[EventType "swiss"]
[EventRounds "9"]
[EventCountry "FRA"]
[SourceTitle "EXT 2006"]
[Source "ChessBase"]
[SourceDate "2005.11.24"]
[SourceVersion "1"]
[SourceVersionDate "2005.11.24"]
[SourceQuality "1"]

1. d4 Nf6 2. Nf3 e6 3. e3 b6 4. Bd3 c5 5. 0-0 Be7 6. b3 0-0 7. Bb2 Bb7 8. Nbd2 d6 9. Qe2 Nbd7 10. c4 Qc7 11. Rac1 Rfe8 12. Bb1 Bf8 13. e4 cxd4 14. Nxd4 a6 15. Kh1 Rac8 16. N4f3 e5 17. Rfd1 a5 18. Nf1 g6 19. N3d2 Bh6 20. Ne3 Nc5 21. Nd5 Nxd5 22. exd5 f5 23. Rc3 Qf7 24. Rh3 Bg7 25. Nf3 Bf6 26. Qd2 f4 27. Re1 Rc7 28. Ng1 Rce7 29. Be4 Bc8 30. Rc3 Nxe4 31. Rxe4 g5 32. Rc1 g4 33. Ba3 Qg6 34. Ree1 f3 35. Qd1 Bg5 36. Rc3 e4 37. Bc1 Bf6 38. Rc2 Bf5 39. Be3 Be5 40. Rc1 h5 41. Qd2 Rg7 42. Bf4 h4 43. Bxe5 Rxe5 44. Re3 g3 45. fxg3 hxg3 46. h3 Qh6 47. Rd1 f2 48. Rf1 Bxh3 49. Nxh3 Qxh3+ 50. gxh3 g2+ 51. Kh2 gxf1N+ 0-1